Caricamento...
Bhudha dharmam /
| Autore principale: | |
|---|---|
| Natura: | Printed Book |
| Lingua: | Malayalam |
| Pubblicazione: |
Kottayam
National Book Stall ,
1959.
|
| Soggetti: |
| LEADER | 00517nam a2200157Ia 4500 | ||
|---|---|---|---|
| 008 | 150624b xxu||||| |||| 00| | mal d | ||
| 082 | |a 294.3 | ||
| 100 | |a Raghava Thirumulppad, K. | ||
| 245 | |c K. Raghava Thirumulppad |a Bhudha dharmam / | ||
| 260 | |b National Book Stall , |c 1959. |a Kottayam | ||
| 300 | |a 207 p. | ||
| 546 | |a In Malayalam. | ||
| 650 | |a Budhism | ||
| 942 | |c BK | ||
| 999 | |c 74391 |d 74391 | ||
| 952 | |0 0 |1 0 |4 0 |6 294_300000000000000_RAG_B |7 0 |9 74337 |a UL |b UL |c ST1 |d 1998-09-15 |l 1 |o 294.3 RAG/B |p 19533 |r 2017-11-13 |s 2017-10-16 |y BK | ||